01266cam a2200277L 4500001002300000003000700023005001700030007000700047008004100054040003000095035002100125245008900146260003200235300000700267490005800274700002400332710002600356830005900382029002000441856009600461856010100557942000700658506015000665506015400815999001900969symposiumonadult00schlCaSfIA20210119101107.0cr||||091213s1972 xx 000 u eng d aDKDLAbdancDKDLAdCaSfIA a(OCoLC)48828138800aSymposium on Adult tooth movement /h[electronic resource] ced.: Allan Schlossberg. aPhilad. :bSaunders,c1972. a?.1 aThe dental clinics of North America ;vVol. 16, no. 31 aSchlossberg, Allan.1 aAdult tooth movement. 4aThe dental clinics of North America ;vVol. 16, no. 3.0 aDKDLAb3702656041uhttp://www.archive.org/details/symposiumonadult00schlzFree eBook from the Internet Archive42uhttp://www.openlibrary.org/books/OL24381998MzAdditional information and access via Open Library cEB fНеобхідна авторизація на https://archive.org/ (створення облікового запису безкоштовно) fНеобхідна авторизація на https://openlibrary.org/ (створення облікового запису безкоштовно) c554735d554735